| 000 | 00587nam a22001815i 4500 | ||
|---|---|---|---|
| 001 | 168896 | ||
| 003 | ES-MaACL | ||
| 005 | 20231228062703.0 | ||
| 008 | 080620s1929 sp |||| | spa d | ||
| 080 | _a613.88 | ||
| 100 | 1 |
_aMarañón, Gregorio, _d1887-1960 _976311 |
|
| 245 | 1 | 4 |
_aLos estados intersexuales en la especie humana / _cG. Marañón. |
| 260 |
_aMadrid : _bJavier Morata, _c1929. |
||
| 300 |
_aXVI, 262 p., lám. I-XXVI ; _c23 cm. |
||
| 650 | 4 |
_aSexualidad. _917078 |
|
| 852 |
_aES-MaACL _jE-11778 _z.- Sello de "Donativo Amigos del Ateneo", 1929 |
||
| 999 |
_c168896 _d168896 |
||